Most and Least Obese Countries - Statistics

General Stats
  • This quiz has been taken 12 times
  • The average score is 11 of 20
Answer Stats
Rank % Obese Answer % Correct
8 46.2 Kiribati
82%
2 70.2 Nauru
82%
9 45.6 Federated States of Micronesia
73%
10 4.9 Japan
73%
4 61.2 Samoa
73%
6 47.3 Marshall Islands
64%
1 1.9 North Korea
64%
1 70.5 Tonga
64%
3 63.9 Tuvalu
64%
7 4.4 Cambodia
55%
10 45.2 Kuwait
55%
2 2.1 Vietnam
55%
8 4.5 Burundi
45%
6 4.2 Eritrea
45%
4 2.4 Ethiopia
45%
9 4.6 Rwanda
45%
5 47.6 The Bahamas
45%
3 2.2 Timor-Leste
45%
5 3.8 Madagascar
36%
7 46.6 Saint Kitts and Nevis
36%
No matching quizzes found
Score Distribution
Percent of People with Each Score
Percentile by Number Answered
Your Score History
You have not taken this quiz